000
00293nam a2200133Ia 4500
008
230917s9999||||xx |||||||||||||| ||und||
040
_e
148312
_a
MAIN
041
_a
English
082
_a
350.1 J199S
100
_a
Jain
245
0
_a
Sewavargiya Parshasan
300
_a
408p p.
942
_c
BK
999
_c
199405
_d
199405